[Event "Chigorin Memorial 2016"]
[Site "St Petersburg RUS"]
[Date "2016.10.16"]
[Round "2.89"]
[White "Golikov, Daniil"]
[Black "Chigaev, Maksim"]
[Result "1/2-1/2"]
[BlackTitle "IM"]
[WhiteElo "2114"]
[BlackElo "2551"]
[WhiteFideId "24170623"]
[BlackFideId "4108116"]
[EventDate "2016.10.15"]

1. d4 g6 2. c4 Bg7 3. Nc3 d6 4. Nf3 Nd7 5. g3 Ngf6 6. Bg2 O-O 7. O-O e5 8. e4 a6
9. Re1 exd4 10. Nxd4 Re8 11. Rb1 Rb8 12. b3 Nc5 13. f3 Ne6 14. Be3 c5 15. Nxe6
Bxe6 16. Qd2 b5 17. Bf1 Nd7 18. cxb5 Qf6 19. Nd5 Bxd5 20. Qxd5 axb5 21. Kg2 b4
22. Red1 Bf8 23. Bc1 Ra8 24. Rd2 Nb6 25. Qc6 Rab8 26. Ba6 Qe7 27. a4 Qa7 28. Be2
Rec8 29. Qb5 c4 30. Rc2 Nd7 31. Qd5 c3 32. Bb5 Ne5 33. Bf4 Qc5 34. Qxc5 Rxc5 35.
Bxe5 Rxe5 36. Rd1 Rd8 37. Rd4 Rc5 38. Rxb4 d5 39. Rd4 Bg7 40. Rxd5 Rdxd5 41.
exd5 Rxd5 42. Bc4 Rd1 43. a5 Ra1 44. a6 Bd4 45. f4 Kf8 46. Kf3 f5 47. Ke2 1/2-1/2

[Event "Chigorin Memorial 2016"]
[Site "St Petersburg RUS"]
[Date "2016.10.16"]
[Round "2.90"]
[White "Lintchevski, Daniil"]
[Black "Chibukhchyan, Erik"]
[Result "1-0"]
[WhiteTitle "GM"]
[WhiteElo "2522"]
[BlackElo "2135"]
[WhiteFideId "4171055"]
[BlackFideId "34135224"]
[EventDate "2016.10.15"]

1. c4 e5 2. g3 Nf6 3. Bg2 d5 4. cxd5 Nxd5 5. Nc3 Ne7 6. Nf3 Nbc6 7. O-O Nf5 8.
d3 Be7 9. Nd2 Be6 10. Nc4 f6 11. Ne3 Nxe3 12. Bxe3 O-O 13. Qa4 Qd7 14. Rfc1 f5
15. Nd1 Bd5 16. Bxd5+ Qxd5 17. Qc4 Qxc4 18. Rxc4 Bd6 19. Rac1 Kf7 20. Kf1 Ke6
21. Bc5 Rfc8 22. Ne3 g6 23. g4 h5 24. gxf5+ gxf5 25. Ng2 Rg8 26. f3 Rg7 27. Bf2
Rag8 28. Ne1 Ne7 29. Rh4 Rg5 30. f4 Rg4 31. fxe5 Rxh4 32. Bxh4 Bxe5 33. Nf3 Nc6
34. Nxe5 Kxe5 35. Bg3+ f4 36. Rc5+ Kd6 37. Bf2 Ne5 38. d4 Ng4 39. Rxh5 Rg6 40.
Be1 Ne3+ 41. Kf2 Re6 42. Kf3 Nc4 43. b3 Ne3 44. Bd2 1-0

[Event "Chigorin Memorial 2016"]
[Site "St Petersburg RUS"]
[Date "2016.10.16"]
[Round "2.91"]
[White "Enkhnar, Enkhbaatar"]
[Black "Zaykov, Sergey"]
[Result "1-0"]
[WhiteTitle "FM"]
[WhiteElo "2451"]
[BlackElo "2131"]
[WhiteFideId "4900324"]
[BlackFideId "4143906"]
[EventDate "2016.10.15"]

1. d4 f5 2. e4 fxe4 3. Nc3 Nf6 4. Bg5 Nc6 5. d5 Ne5 6. Qe2 Nf7 7. Bxf6 exf6 8.
Nxe4 Qe7 9. d6 Nxd6 10. Nxd6+ cxd6 11. O-O-O Qxe2 12. Bxe2 b6 13. Bf3 Rb8 14.
Ne2 Bb7 15. Bxb7 Rxb7 16. Nc3 Rc7 17. Rhe1+ Kf7 18. Nb5 Rb7 19. Re3 a6 20. Nxd6+
Bxd6 21. Rxd6 Re8 22. Red3 Re7 23. Kd2 Ke8 24. Rh3 h6 25. Rg3 Re6 26. Rd4 Kf7
27. f4 f5 28. Rc3 Rc6 29. Rcd3 Ke7 30. Re3+ Re6 31. Rg3 g6 32. Rh3 h5 33. c4 a5
34. Re3 Rc7 35. b3 Rc6 36. Rd5 Rc7 37. g3 Rc6 38. Kd3 Rc7 39. Kd4 Rc6 40. Ree5
d6 41. Rxe6+ Kxe6 42. Rb5 Kd7 43. Kd5 a4 44. b4 Kc7 45. a3 Kd7 46. h4 Kc7 47. c5
bxc5 48. bxc5 Ra6 49. Rb6 Ra8 50. Rc6+ Kb7 51. cxd6 Re8 52. d7 1-0

[Event "Chigorin Memorial 2016"]
[Site "St Petersburg RUS"]
[Date "2016.10.16"]
[Round "2.92"]
[White "Venkatesh, M.R."]
[Black "Lavrinovitsh, Denis"]
[Result "1-0"]
[WhiteTitle "GM"]
[WhiteElo "2444"]
[BlackElo "2081"]
[WhiteFideId "5005779"]
[BlackFideId "24155080"]
[EventDate "2016.10.15"]

1. Nf3 Nf6 2. g3 b6 3. Bg2 Bb7 4. d3 e6 5. O-O Be7 6. Nbd2 c5 7. e4 d6 8. Re1
Nbd7 9. Nf1 Qc7 10. h3 O-O 11. g4 Rac8 12. Ng3 b5 13. g5 Ne8 14. h4 b4 15. b3
Ne5 16. Nh2 f5 17. exf5 Bxg2 18. Kxg2 Qb7+ 19. Kh3 exf5 20. f4 Nc6 21. Nf3 d5
22. Qe2 Qd7 23. Ne5 Nxe5 24. Qxe5 Rf7 25. Qe6 Qxe6 26. Rxe6 Nd6 27. Bd2 Nb5 28.
Nxf5 Bxg5 29. hxg5 Rxf5 30. Kg4 g6 31. Rae1 Nd4 32. Ra6 Nxc2 33. Rc1 Nd4 34.
Rxa7 Rcf8 35. Re7 Nc6 36. Rc7 Nd4 37. R7xc5 Ne6 38. Rc8 Nd4 39. Rxf8+ Rxf8 40.
Bxb4 Ne2 41. Rf1 Ra8 42. a3 Nd4 43. Rb1 Rb8 44. Bc3 Nxb3 45. a4 Rb7 46. Rb2 Kf7
47. a5 d4 48. Be1 Nxa5 49. Rh2 Rb5 50. Rxh7+ Kg8 51. Rd7 Nb3 52. Bf2 Rb4 53. Rd6
Kf7 54. Kf3 Nc5 55. Bxd4 Nxd3 56. Ke3 Ne1 57. Be5 1-0

[Event "Chigorin Memorial 2016"]
[Site "St Petersburg RUS"]
[Date "2016.10.16"]
[Round "2.93"]
[White "Efremov, Vladislav"]
[Black "Vlasenko, Miroslav"]
[Result "0-1"]
[BlackTitle "IM"]
[WhiteElo "1933"]
[BlackElo "2422"]
[WhiteFideId "44159935"]
[BlackFideId "4151887"]
[EventDate "2016.10.15"]

1. d4 f5 2. Nf3 Nf6 3. g3 g6 4. Bg2 Bg7 5. O-O O-O 6. c4 d6 7. Nc3 Qe8 8. Nd2 e5
9. dxe5 dxe5 10. e4 f4 11. b3 g5 12. Nd5 Rf7 13. Bb2 c6 14. Nxf6+ Rxf6 15. Nf3
Rg6 16. Nxe5 Nd7 17. Nxg6 Bxb2 18. Rb1 Bg7 19. Nxf4 gxf4 20. gxf4 Nf6 21. Qc2
Nh5 22. f5 Nf4 23. Kh1 Qh5 24. Rg1 Kf7 25. Qd1 Qh6 26. Qg4 Nd3 27. Rgf1 Be5 28.
Qh3 Qxh3 29. Bxh3 Nf4 30. Bg2 Bd7 31. Rbd1 Ke7 32. Rd2 c5 33. Rfd1 Bc6 34. f3
Rg8 35. Bf1 Bd4 36. Bg2 Kf6 37. Rc2 Ke5 38. Rcd2 h5 39. h3 h4 40. Rf1 Be3 41.
Rc2 a5 42. Rd1 Bd4 43. a4 Be8 44. b4 Bxa4 45. Rxd4 Bxc2 46. Rd2 Rxg2 47. Rxg2
Nxg2 48. Kxg2 cxb4 49. f4+ Kf6 50. Kf3 b3 0-1

[Event "Chigorin Memorial 2016"]
[Site "St Petersburg RUS"]
[Date "2016.10.16"]
[Round "2.94"]
[White "Apryshko, Gleb"]
[Black "Anu, Bayar"]
[Result "1/2-1/2"]
[WhiteTitle "FM"]
[BlackTitle "WFM"]
[WhiteElo "2392"]
[BlackElo "2038"]
[WhiteFideId "24131792"]
[BlackFideId "4901339"]
[EventDate "2016.10.15"]

1. Nf3 g6 2. g3 Bg7 3. Bg2 c5 4. O-O Nc6 5. c3 e5 6. e4 Nge7 7. d3 O-O 8. a3 d5
9. b4 dxe4 10. dxe4 Qc7 11. Be3 cxb4 12. axb4 Be6 13. Na3 Rfd8 14. Qe2 h6 15.
Nd2 Qd7 16. Rfd1 Qd3 17. Qxd3 Rxd3 18. Rdc1 Rad8 19. Ndc4 a6 20. Bf1 R3d7 21.
Nb6 Rc7 22. Na4 Rf8 23. Bb6 Rcc8 24. Nc5 Rb8 25. Nxe6 fxe6 26. b5 axb5 27. Nxb5
Ra8 28. Bc4 Rxa1 29. Rxa1 Kf7 30. Nd6+ Kf6 31. Nxb7 Nc8 32. Be3 Rf7 33. Ra6 Rc7
34. Nc5 Nd8 35. Nxe6 Rxc4 36. Nxd8+ Ke7 37. Rxg6 Bf6 38. Bxh6 Rxe4 39. Rg8 Rc4
40. Nb7 Rxc3 41. Bg5 Bxg5 42. Rxg5 Kf6 43. h4 Rc7 44. Na5 Ne7 45. Rg4 Rc5 46.
Nc4 Nf5 47. h5 Nd4 48. Rg6+ Ke7 49. h6 Rxc4 50. h7 Nf3+ 51. Kh1 Rc1+ 52. Kg2 e4
53. Ra6 Rg1+ 54. Kh3 Rh1+ 55. Kg4 Kf7 56. Kf5 1/2-1/2

[Event "Chigorin Memorial 2016"]
[Site "St Petersburg RUS"]
[Date "2016.10.16"]
[Round "2.95"]
[White "Rubtsov, Aleksandr"]
[Black "Sergienko, Sergey"]
[Result "0-1"]
[BlackTitle "IM"]
[WhiteElo "1844"]
[BlackElo "2361"]
[WhiteFideId "34179272"]
[BlackFideId "4115791"]
[EventDate "2016.10.15"]

1. e4 g6 2. d4 Bg7 3. Nc3 c6 4. f4 d5 5. e5 Nh6 6. h3 f6 7. g4 Nf7 8. Nf3 fxe5
9. fxe5 e6 10. Na4 Nd7 11. b4 O-O 12. h4 Nfxe5 13. dxe5 Nxe5 14. Nd4 Qd6 15. c3
b5 16. Nb2 a5 17. bxa5 b4 18. Bd2 Nf3+ 19. Ke2 Bxd4 20. cxd4 Ba6+ 21. Kf2 Nxd2+
22. Kg2 Nxf1 0-1

[Event "Chigorin Memorial 2016"]
[Site "St Petersburg RUS"]
[Date "2016.10.16"]
[Round "2.96"]
[White "Yandarbiev, Ruslan"]
[Black "Petrochenko, Maria"]
[Result "1-0"]
[WhiteTitle "IM"]
[WhiteElo "2342"]
[BlackElo "2037"]
[WhiteFideId "4115023"]
[BlackFideId "24161420"]
[EventDate "2016.10.15"]

1. e4 c5 2. Nf3 Nc6 3. d4 cxd4 4. Nxd4 g6 5. c4 Nf6 6. Nc3 Nxd4 7. Qxd4 d6 8.
Bg5 Bg7 9. Qd2 Be6 10. Rc1 a5 11. Bd3 a4 12. O-O Qa5 13. Rc2 O-O 14. Rfc1 Rfc8
15. Nd5 Qxd2 16. Bxd2 Nxd5 17. cxd5 Bd7 18. Kf1 Kf8 19. f4 Ke8 20. Bc3 Bxc3 21.
Rxc3 Kd8 22. Ke2 Rxc3 23. Rxc3 Ra5 24. Ke3 Bb5 25. Bc2 Ba6 26. a3 Rb5 27. b4
axb3 28. Bxb3 Rc5 29. Rxc5 dxc5 30. g4 Kd7 31. e5 f6 32. h4 b6 33. Bc2 Kc7 34.
g5 fxg5 35. fxg5 Bb5 36. h5 Be8 37. h6 b5 38. Kf4 Kd7 39. Bd1 Kc7 40. Ke4 b4 41.
axb4 cxb4 42. Kd4 Bf7 43. Kc5 1-0

[Event "Chigorin Memorial 2016"]
[Site "St Petersburg RUS"]
[Date "2016.10.16"]
[Round "2.97"]
[White "Zarubitski, Viachaslau"]
[Black "Vasilyev, Alexey"]
[Result "1-0"]
[WhiteTitle "FM"]
[WhiteElo "2340"]
[BlackElo "1899"]
[WhiteFideId "13509373"]
[BlackFideId "44130120"]
[EventDate "2016.10.15"]

1. e4 c5 2. Nf3 e6 3. d4 cxd4 4. Nxd4 a6 5. c4 Nf6 6. Nc3 Qc7 7. a3 Nc6 8. Be3
d6 9. Rc1 Ne5 10. Be2 Be7 11. O-O O-O 12. b4 b6 13. f3 Bb7 14. Na4 Ned7 15. Qe1
Rab8 16. Qf2 Rfc8 17. g4 Qd8 18. Rfd1 d5 19. exd5 exd5 20. Nf5 Ba8 21. Bf4 dxc4
22. Bxb8 Rxb8 23. Rxc4 b5 24. Rcd4 bxa4 25. g5 Nd5 26. Rxd5 Bxd5 27. Nxe7+ Qxe7
28. Rxd5 Nf8 29. Bxa6 Rd8 30. Qc5 Qe1+ 31. Kg2 Re8 32. Qf2 Qc1 33. Qd2 Qxa3 34.
Bb5 Rc8 35. Bd7 Rc7 36. Bf5 Rb7 37. b5 Rb8 38. Bb1 Qe7 39. h4 Re8 40. Be4 a3 41.
b6 Rb8 42. Rb5 Ne6 43. b7 g6 44. Ra5 Nd8 45. Qf4 Rxb7 46. Bxb7 Qxb7 47. Qc1 Qb2+
48. Qxb2 axb2 49. Rb5 Nc6 50. Rxb2 Nd4 51. Kg3 Nf5+ 52. Kg4 h5+ 53. gxh6 Nxh6+
54. Kg5 Kg7 55. Rb7 Ng8 56. f4 Nh6 57. Ra7 Ng8 58. f5 gxf5 59. Kxf5 Nf6 60. Rb7
Ng8 61. h5 Nh6+ 62. Kg5 Ng8 63. Ra7 Nh6 64. Ra6 f6+ 65. Rxf6 Nf7+ 66. Kf5 Nh6+
67. Ke6 1-0

[Event "Chigorin Memorial 2016"]
[Site "St Petersburg RUS"]
[Date "2016.10.16"]
[Round "2.98"]
[White "Sapegin, Yaroslav"]
[Black "Kononenko, Dmitry2"]
[Result "0-1"]
[BlackTitle "FM"]
[WhiteElo "2013"]
[BlackElo "2315"]
[WhiteFideId "44168322"]
[BlackFideId "14113538"]
[EventDate "2016.10.15"]

1. d4 c5 2. d5 g6 3. c4 b5 4. cxb5 a6 5. bxa6 Nf6 6. e4 Nxe4 7. Qa4 f5 8. a7 Na6
9. Nd2 Nf6 10. Bc4 Rxa7 11. Qb3 Bg7 12. Ngf3 O-O 13. d6+ e6 14. O-O Ne8 15. Rd1
Nxd6 16. Bxa6 Bxa6 17. Qe3 Qc7 18. Nb3 Ne4 19. Nfd2 Nxd2 20. Bxd2 c4 21. Ba5 f4
22. Bxc7 fxe3 23. Bb6 Rb7 24. Nc5 exf2+ 25. Kh1 Rxb6 26. Nxd7 f1=Q+ 0-1

[Event "Chigorin Memorial 2016"]
[Site "St Petersburg RUS"]
[Date "2016.10.16"]
[Round "2.99"]
[White "Dimitrova, Aleksandra"]
[Black "Alekseev, Mikhail"]
[Result "1-0"]
[WhiteTitle "WFM"]
[WhiteElo "2269"]
[BlackElo "1878"]
[WhiteFideId "24173371"]
[BlackFideId "34171069"]
[EventDate "2016.10.15"]

1. e4 c6 2. d4 d5 3. e5 c5 4. Nf3 Nc6 5. c4 e6 6. Nc3 cxd4 7. Nxd4 dxc4 8. Nxc6
Qxd1+ 9. Kxd1 bxc6 10. Bxc4 Bb7 11. Ne4 O-O-O+ 12. Ke2 Rd4 13. Bd3 c5 14. f3 Be7
15. Be3 Rd5 16. Rac1 Rxe5 17. Bd4 Bxe4 18. Bxe5 Bxd3+ 19. Kxd3 Nf6 20. Bxf6 gxf6
21. b4 Rg8 22. Rc2 Kd7 23. bxc5 Kc6 24. Rb1 Bxc5 25. Rb4 Kd5 26. Rb7 Rf8 27.
Rd7+ Bd6 28. Ke3 1-0

[Event "Chigorin Memorial 2016"]
[Site "St Petersburg RUS"]
[Date "2016.10.16"]
[Round "2.100"]
[White "Yashmetov, Mikhail"]
[Black "Yun, Vyacheslav"]
[Result "1-0"]
[WhiteTitle "FM"]
[WhiteElo "2359"]
[BlackElo "1766"]
[WhiteFideId "24198900"]
[BlackFideId "34126667"]
[EventDate "2016.10.15"]

1. Nf3 d5 2. c4 e6 3. g3 c5 4. Bg2 Nc6 5. O-O Nf6 6. cxd5 exd5 7. d4 Be7 8. Nc3
O-O 9. Bg5 c4 10. Ne5 Be6 11. e3 h6 12. Bxf6 Bxf6 13. f4 Bxe5 14. fxe5 Qg5 15.
Qd2 Rad8 16. Rf4 f5 17. Nb5 Rd7 18. Raf1 Ne7 19. Kh1 a6 20. Nc3 Ng6 21. R4f2 b5
22. Ne2 Qd8 23. Bf3 Qb6 24. h4 b4 25. h5 Ne7 26. Nf4 a5 27. Rg1 Rc7 28. g4 fxg4
29. Nxe6 Qxe6 30. Bxg4 Nf5 31. Qc2 Rcf7 32. Rf4 Kh8 33. Qf2 g5 34. hxg6 Qxg6 35.
Bxf5 Qh5+ 36. Rh4 Rxf5 37. Qg3 Rg5 38. Qxg5 Qf3+ 39. Qg2 1-0

[Event "Chigorin Memorial 2016"]
[Site "St Petersburg RUS"]
[Date "2016.10.16"]
[Round "2.101"]
[White "Shinkevich, Maksim"]
[Black "Tran, Tuan Minh"]
[Result "0-1"]
[BlackTitle "IM"]
[WhiteElo "1938"]
[BlackElo "2468"]
[WhiteFideId "24176389"]
[BlackFideId "12401820"]
[EventDate "2016.10.15"]

1. d4 Nf6 2. c4 e6 3. Nf3 b6 4. a3 Bb7 5. Nc3 d6 6. Qc2 c5 7. e4 cxd4 8. Nxd4
Be7 9. Be2 O-O 10. Be3 Nbd7 11. Rd1 a6 12. O-O Rc8 13. f3 Qc7 14. Qb1 Rfe8 15.
Kh1 Ne5 16. Na4 Bd8 17. b3 Qb8 18. Bg1 Ng6 19. Rfe1 Bc7 20. Nc2 Nd7 21. Bf1 h5
22. b4 Nge5 23. c5 bxc5 24. bxc5 Ba5 25. Re3 Bc6 26. Rb3 Bxa4 27. Rxb8 Rxb8 28.
Qc1 Nxc5 29. Rxd6 Rec8 30. Qa1 Ng6 31. Nb4 Nb3 32. Qe1 Rc1 33. Rd1 Rbc8 34. Bxa6
Rxd1 35. Qxd1 Rc1 36. Qd6 Bc7 37. Qd3 Bb6 38. h4 Rxg1+ 39. Kh2 Rxg2+ 40. Kh1 Nd2
41. Qc3 Nxh4 0-1

[Event "Chigorin Memorial 2016"]
[Site "St Petersburg RUS"]
[Date "2016.10.16"]
[Round "2.102"]
[White "Melnikov, Dmitry"]
[Black "Lepaev, Andrey"]
[Result "1/2-1/2"]
[WhiteTitle "FM"]
[WhiteElo "2254"]
[BlackElo "1935"]
[WhiteFideId "4146468"]
[BlackFideId "34135674"]
[EventDate "2016.10.15"]

1. e4 e5 2. Nf3 Nc6 3. Bb5 a6 4. Ba4 Nf6 5. O-O Be7 6. Re1 b5 7. Bb3 O-O 8. d4
d6 9. c3 Bg4 10. Be3 exd4 11. cxd4 Na5 12. Bc2 Nc4 13. Bc1 c5 14. b3 Nb6 15. Bb2
Rc8 16. Nbd2 Nfd7 17. h3 Bh5 18. Rc1 cxd4 19. Bxd4 Bf6 20. g4 Bg6 21. Nf1 Ne5
22. N1h2 h5 23. Qd2 hxg4 24. hxg4 Nbd7 25. Bb1 Nxf3+ 26. Nxf3 Ne5 27. Nxe5 Bxe5
28. Rxc8 Qxc8 29. f3 Qd8 30. Bxe5 dxe5 31. Qxd8 Rxd8 32. Kf2 f6 33. Ke3 Rc8 34.
Rd1 Bf7 35. Rd6 Rc1 36. Bd3 Re1+ 37. Kd2 Ra1 38. Rxa6 Bxb3 39. Bxb5 Rxa2+ 40.
Rxa2 Bxa2 41. Ke3 Be6 42. Be2 g5 43. Kd3 Kf7 44. Kc3 Ke7 45. Kb4 Kd6 46. Kb5 Kc7
47. Kc5 Bb3 48. Kb4 Bf7 49. Kc5 Bb3 50. Kb4 Bf7 51. Kb5 Bb3 52. Kc5 Bf7 53. Bd1
Be6 54. Ba4 Bf7 55. Bb5 Bb3 56. Be2 Bf7 57. Bc4 Bxc4 58. Kxc4 Kc6 59. Kb4 1/2-1/2

[Event "Chigorin Memorial 2016"]
[Site "St Petersburg RUS"]
[Date "2016.10.16"]
[Round "2.103"]
[White "Mirzaeva, Gulnara"]
[Black "Mamyrbay, Assad"]
[Result "0-1"]
[WhiteElo "1919"]
[BlackElo "2246"]
[WhiteFideId "24178780"]
[BlackFideId "13708880"]
[EventDate "2016.10.15"]

1. e4 e6 2. g3 d5 3. exd5 Qxd5 4. Qf3 Qd8 5. Bg2 Nf6 6. c3 e5 7. Qe3 Bd6 8. Nf3
O-O 9. O-O e4 10. Nd4 Re8 11. d3 Ng4 12. Qe2 exd3 13. Qxd3 Nd7 14. h3 Nge5 15.
Qc2 Nc5 16. b4 Ne6 17. Nb5 Bf8 18. f4 Nc4 19. f5 Ng5 20. h4 Ne3 21. Bxe3 Rxe3
22. hxg5 Qxg5 23. Qf2 Bd7 24. Nd4 Rae8 25. Qf4 Qf6 26. Ne6 Re2 27. Nxf8 Bc6 28.
Rf2 Bxg2 29. Kxg2 Re1 30. Nxh7 Qc6+ 31. Qf3 Qh6 32. Nf6+ gxf6 33. Qg4+ Kf8 34.
Qh4 Qc1 35. Qf4 Rg1+ 36. Kh3 Rh1+ 37. Kg4 Qd1+ 38. Rf3 Qe2 39. Nd2 Rxa1 40. Qh6+
Kg8 41. Qxf6 Qxd2 42. Rf4 Qe2+ 43. Kg5 Rh1 44. Rg4 Qe3+ 45. Rf4 Qxg3+ 46. Rg4
Qe3+ 47. Rf4 Rg1+ 0-1

[Event "Chigorin Memorial 2016"]
[Site "St Petersburg RUS"]
[Date "2016.10.16"]
[Round "2.104"]
[White "Khadzhiev, Valery"]
[Black "Bondarenko, Dmitry"]
[Result "1/2-1/2"]
[WhiteElo "2170"]
[BlackElo "1918"]
[WhiteFideId "34154601"]
[BlackFideId "34105708"]
[EventDate "2016.10.15"]

1. d4 d5 2. Nf3 Nf6 3. e3 Bg4 4. Be2 e6 5. Ne5 Bxe2 6. Qxe2 c6 7. Nd2 Nbd7 8. f4
Ne4 9. Nxe4 dxe4 10. O-O Nf6 11. Bd2 Be7 12. Be1 O-O 13. b4 a6 14. a3 g6 15. c4
Ne8 16. Qc2 f6 17. Ng4 h5 18. Nf2 f5 19. Nh3 b5 20. Qa2 Kf7 21. Rd1 Nd6 22. d5
exd5 23. cxd5 Nc4 24. d6 Bf6 25. Qb3 Ra7 26. Bc3 Rd7 27. Bxf6 Qxf6 28. Rd4 Kg7
29. Ng5 Rfd8 30. Rxc4 bxc4 31. Qxc4 Rxd6 32. h3 R8d7 33. Kh2 h4 34. Qxa6 Qc3 35.
Qa5 Rd5 36. Qa8 Qxe3 37. Qe8 Qd3 38. Ne6+ Kf6 39. Ng5 Qg3+ 40. Kg1 Qe3+ 41. Kh2
Qg3+ 42. Kh1 Kg7 43. Ne6+ Kf6 44. Ng5 Kg7 45. Ne6+ Kf6 46. Ng5 Kg7 1/2-1/2

[Event "Chigorin Memorial 2016"]
[Site "St Petersburg RUS"]
[Date "2016.10.16"]
[Round "2.105"]
[White "Shmoilov, Dmitry"]
[Black "Privalov, Igor"]
[Result "1-0"]
[WhiteElo "1916"]
[BlackElo "2163"]
[WhiteFideId "24160342"]
[BlackFideId "34123013"]
[EventDate "2016.10.15"]

1. d4 Nf6 2. c4 g6 3. f3 Bg7 4. e4 O-O 5. Nc3 d6 6. Bg5 c5 7. Nge2 Nc6 8. d5 Ne5
9. Ng3 h6 10. Be3 e6 11. Be2 exd5 12. cxd5 h5 13. O-O Bd7 14. a4 Qe7 15. Bg5
Rfb8 16. h3 Be8 17. f4 Ned7 18. e5 dxe5 19. f5 Qd6 20. fxg6 fxg6 21. Bc4 Qb6 22.
d6+ Kh7 23. Nd5 Qxb2 24. Nxf6+ Nxf6 25. Bxf6 Bxf6 26. Rxf6 Qc3 27. Bd3 c4 28.
Qxh5+ Kg7 29. Rxg6+ 1-0

[Event "Chigorin Memorial 2016"]
[Site "St Petersburg RUS"]
[Date "2016.10.16"]
[Round "2.106"]
[White "Martynyuk, Elizaveta"]
[Black "Tarnopolskiy, Lev"]
[Result "1-0"]
[WhiteTitle "WFM"]
[WhiteElo "2151"]
[BlackElo "1913"]
[WhiteFideId "24128511"]
[BlackFideId "34147893"]
[EventDate "2016.10.15"]

1. e4 c5 2. Nf3 g6 3. d4 cxd4 4. Nxd4 Bg7 5. c4 Nh6 6. Nc3 f6 7. Be3 O-O 8. Be2
Nc6 9. O-O Nxd4 10. Bxd4 b6 11. c5 bxc5 12. Bxc5 d6 13. Qd5+ Nf7 14. Qxa8 dxc5
15. Qxa7 f5 16. Rad1 Nd6 17. Qxc5 fxe4 18. Nxe4 Bxb2 19. Nxd6 exd6 20. Rxd6 Qh4
21. Qc4+ Qxc4 22. Bxc4+ Kg7 23. Rfd1 Bf5 24. Rb6 Ba3 25. Rb7+ Kh6 26. h3 Bc5 27.
Rf7 Rc8 28. g4 Bc2 29. Rd5 g5 30. Ba6 1-0

[Event "Chigorin Memorial 2016"]
[Site "St Petersburg RUS"]
[Date "2016.10.16"]
[Round "2.107"]
[White "Azimov, Ilyas"]
[Black "Yaroslavtsev, Artem"]
[Result "1-0"]
[WhiteElo "2151"]
[BlackElo "1910"]
[WhiteFideId "24175226"]
[BlackFideId "44154550"]
[EventDate "2016.10.15"]

1. e4 e5 2. Nf3 Nc6 3. Bb5 a6 4. Ba4 Nf6 5. O-O Be7 6. c3 Nxe4 7. Re1 Nc5 8.
Bxc6 dxc6 9. Nxe5 O-O 10. d4 Nd7 11. f4 Nxe5 12. fxe5 Be6 13. Nd2 c5 14. Ne4
cxd4 15. cxd4 Qd7 16. Be3 Rfd8 17. Qe2 Bf5 18. Bf2 Be6 19. b3 Qb5 20. Qe3 Ba3
21. Bh4 Kh8 22. Bxd8 Rxd8 23. Rad1 Bb4 24. Rf1 Qd7 25. Ng5 c6 26. Qe4 g6 27. Qh4
h5 28. Nxf7+ 1-0

[Event "Chigorin Memorial 2016"]
[Site "St Petersburg RUS"]
[Date "2016.10.16"]
[Round "2.108"]
[White "Lapushnian, Eran"]
[Black "Feduk, Viktor"]
[Result "0-1"]
[WhiteElo "1910"]
[BlackElo "2150"]
[WhiteFideId "2811952"]
[BlackFideId "4173368"]
[EventDate "2016.10.15"]

1. e4 e6 2. Nf3 Nc6 3. Bb5 a6 4. Ba4 Nf6 5. O-O b5 6. Bb3 Be7 7. Re1 d6 8. c3
O-O 9. h3 Na5 10. Bc2 c5 11. d4 Qc7 12. d5 Bd7 13. b3 Nb7 14. Nbd2 g6 15. Nf1
Nh5 16. g4 Ng7 17. Ng3 f6 18. Bh6 Nd8 19. Nh4 Nf7 20. Qd2 Nxh6 21. Qxh6 Qd8 22.
Nf3 a5 23. Kg2 Qc8 24. Rg1 c4 25. Kh2 cxb3 26. Nf5 Rf7 27. Bxb3 Qxc3 28. N3h4
Bf8 29. Nxg6 Nxf5 30. gxf5 Bxh6 0-1

[Event "Chigorin Memorial 2016"]
[Site "St Petersburg RUS"]
[Date "2016.10.16"]
[Round "2.109"]
[White "Fomin, Andrey"]
[Black "Ismailov, Ulugbek"]
[Result "0-1"]
[WhiteElo "2150"]
[BlackElo "1895"]
[WhiteFideId "4162447"]
[BlackFideId "13803620"]
[EventDate "2016.10.15"]

1. e4 c6 2. Nc3 d5 3. Nf3 Bg4 4. h3 Bxf3 5. Qxf3 Nf6 6. d3 e6 7. Bd2 Bb4 8.
O-O-O d4 9. Nb1 Qd6 10. Bxb4 Qxb4 11. Nd2 c5 12. g4 Nc6 13. g5 Nd7 14. Qg3 e5
15. a3 Qa4 16. Nc4 O-O 17. b3 Qa6 18. Kb2 b5 19. Nd2 Qb6 20. Be2 a5 21. Bg4 Rfd8
22. Bxd7 Rxd7 23. f3 a4 24. Qe1 b4 25. axb4 Nxb4 26. Nc4 Qb8 27. Ra1 Rda7 28.
Qd2 axb3 29. Rxa7 Qxa7 30. Rb1 bxc2 0-1

[Event "Chigorin Memorial 2016"]
[Site "St Petersburg RUS"]
[Date "2016.10.16"]
[Round "2.110"]
[White "Budnikova, Varvara"]
[Black "Nasybullina, Alfia"]
[Result "0-1"]
[BlackTitle "WFM"]
[WhiteElo "1906"]
[BlackElo "2149"]
[WhiteFideId "34111538"]
[BlackFideId "4132416"]
[EventDate "2016.10.15"]

1. e4 c6 2. Nf3 d5 3. Nc3 dxe4 4. Nxe4 Nf6 5. Nxf6+ exf6 6. d4 Bd6 7. Be2 O-O 8.
O-O Re8 9. Be3 Nd7 10. d5 cxd5 11. Qxd5 Nb6 12. Qd2 Be6 13. Bf4 Bc4 14. Bxc4
Nxc4 15. Qc1 Be5 16. Bxe5 fxe5 17. b3 e4 18. Rd1 Qf6 19. Nd4 Rad8 20. Ne2 e3 21.
f3 Rxd1+ 22. Qxd1 Rd8 23. Qe1 Rd2 24. Ng3 e2 25. c3 Qxc3 26. Nxe2 Qe3+ 27. Kf1
Ne5 28. Qf2 Qd3 29. Re1 Nc6 30. Kg1 h6 31. Nf4 Rxf2 32. Nxd3 Rxa2 33. Re8+ Kh7
34. Rc8 Nd4 35. Rc7 b6 36. b4 a5 37. bxa5 bxa5 38. Rxf7 a4 39. Ra7 a3 40. Nb4
Rb2 41. Nd3 Nb5 42. Ra5 Rb3 43. Nc5 Rb1+ 44. Kf2 Rb2+ 45. Kg3 a2 46. Nd3 Rd2 47.
Nb4 Nc3 48. Ra3 Rb2 49. Nxa2 Nxa2 50. Re3 Nc1 51. Re1 Ne2+ 52. Kg4 Rb4+ 53. Kh3
Nf4+ 54. Kg3 g5 0-1

[Event "Chigorin Memorial 2016"]
[Site "St Petersburg RUS"]
[Date "2016.10.16"]
[Round "2.111"]
[White "Vunder, Andrey"]
[Black "Mukhtarova, Anastasiia"]
[Result "1-0"]
[WhiteElo "2147"]
[BlackElo "1869"]
[WhiteFideId "4128338"]
[BlackFideId "14128802"]
[EventDate "2016.10.15"]

1. d4 Nf6 2. c4 e6 3. Nf3 b6 4. e3 Bb7 5. Bd3 Bb4+ 6. Nbd2 O-O 7. O-O d5 8. a3
Be7 9. b3 c5 10. Bb2 Nc6 11. Qe2 Re8 12. Rad1 Qc7 13. Ne5 Rad8 14. cxd5 exd5 15.
f4 Nxe5 16. dxe5 Ne4 17. Nxe4 dxe4 18. Bc4 Rxd1 19. Rxd1 Rd8 20. e6 f6 21. Rd7
Rxd7 22. exd7+ Kh8 23. Qg4 Qd6 24. Qe6 Qxe6 25. Bxe6 h6 26. g4 Kh7 27. h4 Bc6
28. Bc3 Bd8 29. b4 cxb4 30. Bxb4 a5 31. Bd6 b5 32. Kf2 g5 33. hxg5 hxg5 34. f5
Kg7 35. Ke1 Kh7 36. Kd2 Kg7 37. Kc3 Kh7 38. Kd4 Bb6+ 39. Bc5 Bd8 40. Ba7 b4 41.
axb4 axb4 42. Kc5 Ba4 43. Kxb4 Bd1 44. Kb5 Bxg4 45. Bb6 Be2+ 46. Kc6 Be7 47.
d8=Q Bxd8 48. Bxd8 Kg7 49. Bd5 Bd3 50. Kd7 g4 51. Ke6 Kh6 52. Bxf6 Kh5 53. Be5
Kh4 54. f6 g3 55. f7 g2 56. Bh2 1-0